Teoretické východiská problematiky diverzifikácie exportu

Salvato in:
Dettagli Bibliografici
Autore principale: Novák, Dominik, 2000-
Natura: Capitolo di libro
Lingua:slovacco
Tags: Aggiungi Tag
Nessun Tag, puoi essere il primo ad aggiungerne!!

MARC

LEADER 00000naa$a2200000$$$4500
001 0314446
005 20260123093323.5
041 0 |a slo 
044 |a SK 
245 1 0 |a Teoretické východiská problematiky diverzifikácie exportu  |c Dominik Novák 
100 1 |a Novák, Dominik, 2000-